00946 2200349 4500001002100000005001500021035002000036007000300056008004100059020002200100082000800122084001400130100001400144245005000158250001000208260003200218300002500250650001000275700001100285990002500296990002500321990002500346990002500371990002500396990002500421990002500446990002500471990002500496990002500521990002500546990002500571INLIS00000000069032720180605125306 a0010-0618000289ta180605 g 1 ind  a978-979-29-5175-2 a813 a813 HYE a0 aHyeon Gee1 aAll My Heart, When We Meet Again /cHyeon Gee aEd. I aYogyakarta :bSheila,c2015 avi, 186 hlm ;c21 cm aFiksi0 aAriata a00103581/DPKBWI/2018 a00103571/DPKBWI/2018 a00103572/DPKBWI/2018 a00103573/DPKBWI/2018 a00103574/DPKBWI/2018 a00103575/DPKBWI/2018 a00103576/DPKBWI/2018 a00103577/DPKBWI/2018 a00103578/DPKBWI/2018 a00103579/DPKBWI/2018 a00103580/DPKBWI/2018 a00103582/DPKBWI/2018